000 00477nam a2200181 4500
001 121637
003 ES-MaACL
005 20230906191805.0
007 t|
008 070214s1922 mx r ||||1| spa d
100 0 _aPlatón.
_992598
245 1 0 _aDiálogos /
_cPlatón.
260 _aMéxico :
_bUniversidad Nacional,
_c1922.
300 _a2 v. ;
_c19 cm.
500 _aFalta el v. I.
710 2 _aUniversidad Nacional de México.
_97425
852 _aES-MaACL
_jG-7714-15
999 _c121637
_d121637